00700nam a2200157 a 450000100100000000500170001000800410002702000180006804000250008624501640011126001170027530000370039250500650042970000290049470000190052300003850020201002031259.0130412s2011 dr ad 000 0 spa d a9789945164947 aDO-SdBNPbspacBNPHU00a¿Otro techo de cristal? :bla brecha digital de género en la República Dominicana /cInvestigadora Amparo Arango Echeverri ; presentación Magaly Pineda. aSanto Domingo :bFondo para la Igualdad de GénerobCentro de Investigación para la Acción Femenina,c2011. a218 p. :bil., gráf. ;c29 cm.0 tSofware --tMecatrónica --tMultimedia --tInfómatica --1 aArango Echeverri, Amparo1 aPineda, Magaly